000 00226nam a2200097Ia 4500
005 20251222114404.0
008 251222s1900||||xx |||||||||||||| ||spa||
082 _aDVD0095/J13/2005
245 0 _aMarch Of the penguins
942 _cDVD
999 _c1770
_d1770